000 00621cam a2200181 a 4500
001 000006624
005 20200929153948.0
008 731128s1966 pr a 000 0 spa d
040 _aDO-SdBNP
_bspa
_cBNPHU
082 _a928.95
_bB957J
100 1 _aJiménez de Báez, Yvette.
_98757
245 1 0 _aJulia de Burgos :
_bvida y poesía /
_cYvette Jiménez de Báez.
260 _aSan Juan, Puerto Rico :
_bBorinque;
_bCoqui,
_c1966.
300 _a210 p. :
_bil. ;
_c23 cm.
504 _aIncluye bibliografía (p. 203-207).
600 1 0 _aBURGOS, JULIA DE,
_d1914-1953
_914090
650 4 _aPoetas puertorriqueños
_xBiografía
_918386
999 _c6414
_d6414